| 000 | 00744cam a2200277 4500500 | ||
|---|---|---|---|
| 005 | 20260405003252.0 | ||
| 041 | _afre | ||
| 042 | _adc | ||
| 100 | 1 | 0 |
_aEnjalbert, Cédric _eauthor |
| 245 | 0 | 0 | _aJe vis, donc je mute ? |
| 260 | _c2021. | ||
| 500 | _a19 | ||
| 690 | _aCovid | ||
| 690 | _aCovid-19 | ||
| 690 | _aEmanuele Coccia | ||
| 690 | _aGénétique | ||
| 690 | _aIdentité | ||
| 690 | _aMutation | ||
| 690 | _aPhilippe Huneman | ||
| 690 | _aScience | ||
| 690 | _aThomas Heams | ||
| 690 | _aVirus | ||
| 690 | _aVivant | ||
| 786 | 0 | _nPhilosophie magazine | 148 | 4 | 2021-04-01 | p. 28-31 | 1951-1787 | |
| 856 | 4 | 1 | _uhttps://shs.cairn.info/magazine-philosophie-magazine-2021-4-page-28?lang=fr&redirect-ssocas=7080 |
| 999 |
_c2065942 _d2065942 |
||